000
00277nam a2200121Ia 4500
008
191201s2014 xx 000 0 und d
100
_a
KHANNA, S K
245
0
_a
Highway Engineering
260
_a
N. Delhi
_b
TMH
_c
2014
300
_a
773
650
_a
B.Tech(CE)
942
_2
ddc
_c
BK
999
_c
6078
_d
6078